| 000 | 00000nam 2200000zi 4500 |
| 001 | 9.938687 |
| 003 | CaOODSP |
| 005 | 20240802140042 |
| 006 | m o d f |
| 007 | cr cn||||||||| |
| 008 | 240527t20242024quca ob f000 0 eng d |
| 020 | |a9780660721132 |
| 040 | |aCaOODSP|beng|erda|cCaOODSP |
| 043 | |an-cn--- |
| 086 | 1 |aEn14-557/2-2024E-PDF |
| 245 | 04|aThe Effluencer vol. 9 : |btemporary bypass authorizations guidance document. |
| 246 | 17|aTemporary bypass authorizations - supporting document |
| 264 | 1|aGatineau, Quebec : |bEnvironment and Climate Change Canada = Environnement et changement climatique Canada, |c2024. |
| 264 | 4|c©2024 |
| 300 | |a1 online resource (15 pages) : |billustrations |
| 336 | |atext|btxt|2rdacontent |
| 337 | |acomputer|bc|2rdamedia |
| 338 | |aonline resource|bcr|2rdacarrier |
| 500 | |aCover title. |
| 500 | |aIssued also in French under title: L'effluenceur vol. 9 : autorisations temporaires de dérivation, document d'orientation. |
| 504 | |aIncludes bibliographical references. |
| 520 | |a"Temporary bypass authorizations (TBAs) allow the owner or operator of a wastewater system to bypass one or more treatment processes for a defined period of time. This could result in exceeding effluent standards outlined in the Wastewater Systems Effluent Regulations (the Regulations). TBAs may be issued in the following circumstances: to allow owners or operators to perform necessary construction or maintenance work at their wastewater treatment plant; for anticipated events out of control of the owner or operator. A temporary bypass can be authorized from one or more final discharge points or overflow points"--Summary, page 1. |
| 610 | 20|aWastewater Systems Effluent Regulations. |
| 650 | 0|aSewage disposal plants|xLaw and legislation|zCanada. |
| 650 | 0|aSewage|xEnvironmental aspects|zCanada. |
| 710 | 1 |aCanada. |bEnvironment and Climate Change Canada, |eissuing body. |
| 775 | 08|tL'effluenceur vol. 9 : |w(CaOODSP)9.938688 |
| 856 | 40|qPDF|s674 KB|uhttps://publications.gc.ca/collections/collection_2024/eccc/En14-557-2-2024-eng.pdf |
| 986 | |aEC24117 |